000
00406nam a22001697a 4500
003
MPLRDC
005
20220104143224.0
008
210129b ||||| |||| 00| 0 eng d
082
_a
802.29 YW
100
_a
伊文编著
245
_a
怎样教孩子写字
_c
250
_a
初版
260
_a
_b
香港宏业书局
_c
1968
300
_b
平
650
_a
中国文字--字体
942
_c
BK
_o
802.29 YW
999
_c
37794
_d
37784